| 000 | 00612nam a22001937a 4500 | ||
|---|---|---|---|
| 003 | ARRUPE | ||
| 005 | 20221122085211.0 | ||
| 008 | 221122b |||||||| |||| 00| 0 eng d | ||
| 040 | _cArrupe | ||
| 050 |
_aBX3747.Z5 _bH254 |
||
| 100 |
_aHarold-Barry, David _99450 |
||
| 245 |
_aA mission divided _bthe Jesuits presence in Zimbabwe1879-2021 _cDavid Harold-Barry |
||
| 260 |
_aHarare _bWeaver Press _c2022 |
||
| 300 |
_axx, 365p. ; _c23cm. |
||
| 650 |
_aJesuits _xHistory _zZimbabwe _951886 |
||
| 650 |
_aJesuits _xMissions _zZimbabwe _951887 |
||
| 651 |
_aZimbabwe _xChurch _xHistory _951888 |
||
| 942 |
_2lcc _cMONOGRAPH |
||
| 999 |
_c131552 _d131552 |
||